00954cam a22002533a 450000100040000000500170000400800410002102000220006204000230008405000280010708200100013510000190014524500360016426000280020030000240022849000190025250500060027152003110027752100180058852100180060665000210062465000250064565500300067047420230425161953.0961112s1997 xx j 000 1 eng d a0816741190 (pbk.) aGZXcGZXdOCLdDLC00aCPB Box no. 408 vol. 16 a813.61 aWeyn, Suzanne.14aThe snow angel /cSuzanne Weyn. a[S.l.] :bTroll,c1997. a206 pages :c20 cm.1 aForever angels aK aMolly and her friends have made a snow angel in the woods that is so beautiful, people are coming from miles around to see it. When a strange boy comes to live with Molly's family following his tragic riding accident, Molly wants to find a way to reach him. Can an angel help her break through his silence? a560 bLexile aK bRaz-Plus 0aAngelsvFiction. 0aFriendshipvFiction. 7aChildren's stories.2lcsh